[Event "Deutsche Ländermeisterschaft 2021"]
[Site "Neumünster GER"]
[Date "2021.10.02"]
[Round "2"]
[White "Stelmaszyk, Nico"]
[Black "Färber, David"]
[Result "1/2-1/2"]
[Termination "normal"]
[Board "2.1"]
[WhiteTitle "FM"]
[WhiteElo "2311"]
[BlackElo "2318"]
[WhiteClock "00:01:56"]
[BlackClock "00:02:12"]
[WhiteTeam "Niedersachsen"]
[BlackTeam "Baden"]
[PlyCount "85"]
[WhiteFideId "16200462"]
[BlackFideId "12971294"]
[EventCountry "GER"]
[EventRounds "7"]
[EventType "team-swiss"]
[EventDate "2021.10.01"]

1. e4 {[%clk 1:30:57]} c5 {[%clk 1:30:51]} 2. c3 {[%clk 1:31:24]} d5 {[%clk
1:31:09]} 3. exd5 Qxd5 {[%clk 1:31:29]} 4. d4 {[%clk 1:32:17]} g6 {[%clk
1:31:47]} 5. Nf3 {[%clk 1:30:15]} Bg7 {[%clk 1:31:46]} 6. Na3 {[%clk 1:22:07]}
cxd4 {[%clk 1:31:42]} 7. Nb5 {[%clk 1:20:58]} Na6 {[%clk 1:31:47]} 8. Nbxd4
{[%clk 1:18:06]} Nf6 {[%clk 1:32:03]} 9. Bb5+ {[%clk 1:13:02]} Bd7 {[%clk
1:32:11]} 10. Bxd7+ {[%clk 1:12:56]} Qxd7 {[%clk 1:30:59]} 11. Ne5 {[%clk
1:05:52]} Qd5 {[%clk 1:27:36]} 12. Qa4+ {[%clk 1:05:22]} Nd7 {[%clk 1:27:35]}
13. Nxd7 {[%clk 1:04:58]} Qxd7 {[%clk 1:27:54]} 14. Qxd7+ {[%clk 1:05:22]} Kxd7
{[%clk 1:28:15]} 15. Be3 {[%clk 1:05:28]} Rhc8 {[%clk 1:06:10]} 16. O-O-O
{[%clk 1:01:30]} Ke8 {[%clk 1:06:25]} 17. Nb5 {[%clk 0:59:39]} b6 {[%clk
0:49:31]} 18. Rhe1 {[%clk 0:42:22]} Nc7 {[%clk 0:45:43]} 19. a4 {[%clk
0:37:29]} Ne6 {[%clk 0:32:29]} 20. Kc2 {[%clk 0:29:23]} a6 {[%clk 0:24:02]} 21.
Nd4 {[%clk 0:18:07]} Bxd4 {[%clk 0:19:10]} 22. Bxd4 {[%clk 0:18:30]} Nxd4+
{[%clk 0:19:27]} 23. Rxd4 {[%clk 0:18:52]} Rc5 {[%clk 0:18:54]} 24. Red1 {[%clk
0:14:56]} Rc7 {[%clk 0:11:34]} 25. Rh4 {[%clk 0:14:21]} h5 {[%clk 0:11:33]} 26.
Rdd4 {[%clk 0:07:58]} Rd8 {[%clk 0:08:56]} 27. Kd3 {[%clk 0:07:29]} e5 {[%clk
0:07:01]} 28. Rxd8+ {[%clk 0:06:27]} Kxd8 {[%clk 0:07:25]} 29. Rb4 {[%clk
0:06:47]} Rc6 {[%clk 0:06:45]} 30. Ke4 {[%clk 0:06:12]} f6 {[%clk 0:06:29]} 31.
Kd3 {[%clk 0:04:53]} Rd6+ {[%clk 0:05:42]} 32. Ke2 {[%clk 0:05:16]} Kc7 {[%clk
0:05:34]} 33. g4 {[%clk 0:03:33]} hxg4 {[%clk 0:05:16]} 34. Rxg4 {[%clk
0:03:58]} g5 {[%clk 0:05:31]} 35. h4 {[%clk 0:04:09]} gxh4 {[%clk 0:05:41]} 36.
Rxh4 {[%clk 0:04:34]} Kc6 {[%clk 0:05:41]} 37. Rh8 {[%clk 0:03:18]} Kd5 {[%clk
0:03:33]} 38. Rc8 {[%clk 0:03:02]} a5 {[%clk 0:01:53]} 39. Ke3 {[%clk 0:02:55]}
f5 {[%clk 0:01:21]} 40. c4+ {[%clk 0:00:58]} Ke6 {[%clk 0:01:45]} 41. Re8+
{[%clk 0:01:07]} Kf6 {[%clk 0:01:59]} 42. Rf8+ {[%clk 0:01:33]} Ke6 {[%clk
0:02:12]} 43. Re8+ {[%clk 0:01:56]} 1/2-1/2

[Event "Deutsche Ländermeisterschaft 2021"]
[Site "Neumünster GER"]
[Date "2021.10.02"]
[Round "2"]
[White "Dauner, Benedikt"]
[Black "Pubantz, Jan"]
[Result "0-1"]
[Termination "normal"]
[Board "2.2"]
[WhiteElo "2133"]
[BlackElo "2274"]
[WhiteClock "00:02:48"]
[BlackClock "00:08:21"]
[WhiteTeam "Baden"]
[BlackTeam "Niedersachsen"]
[PlyCount "101"]
[WhiteFideId "16225899"]
[BlackFideId "12996114"]
[EventCountry "GER"]
[EventRounds "7"]
[EventType "team-swiss"]
[EventDate "2021.10.01"]

1. d4 {[%clk 1:30:56]} d5 {[%clk 1:30:56]} 2. Nf3 {[%clk 1:31:18]} Nf6 {[%clk
1:31:21]} 3. c3 {[%clk 1:31:40]} c5 4. dxc5 {[%clk 1:32:04]} Qc7 {[%clk
1:17:10]} 5. b4 {[%clk 1:29:39]} e5 {[%clk 1:09:32]} 6. Na3 {[%clk 1:29:11]} a6
{[%clk 1:03:30]} 7. Qb3 {[%clk 1:20:34]} Be6 {[%clk 1:01:44]} 8. Ng5 {[%clk
1:20:33]} Bf5 {[%clk 1:00:20]} 9. e4 {[%clk 1:08:36]} dxe4 {[%clk 0:51:05]} 10.
Bc4 {[%clk 1:05:08]} Bg6 {[%clk 0:51:12]} 11. Qa4+ {[%clk 1:00:48]} Nbd7 {[%clk
0:40:36]} 12. Nb5 {[%clk 0:58:58]} Qc6 {[%clk 0:38:34]} 13. Nd6+ {[%clk
0:23:59]} Bxd6 {[%clk 0:38:45]} 14. Qxc6 {[%clk 0:24:15]} bxc6 {[%clk 0:39:14]}
15. cxd6 {[%clk 0:24:36]} h6 {[%clk 0:38:58]} 16. Nh3 {[%clk 0:25:00]} Nb6
{[%clk 0:30:36]} 17. Bb3 {[%clk 0:24:26]} Nc8 {[%clk 0:27:54]} 18. Be3 {[%clk
0:21:12]} Nxd6 {[%clk 0:27:26]} 19. O-O-O {[%clk 0:20:38]} O-O-O {[%clk
0:26:10]} 20. c4 {[%clk 0:17:36]} Nf5 {[%clk 0:19:24]} 21. Bb6 {[%clk 0:16:43]}
Rd7 {[%clk 0:17:57]} 22. Ba4 {[%clk 0:10:37]} Kb7 {[%clk 0:11:42]} 23. Rxd7+
{[%clk 0:10:57]} Nxd7 {[%clk 0:12:11]} 24. Be3 {[%clk 0:11:19]} Nb6 {[%clk
0:10:54]} 25. Bb3 {[%clk 0:09:24]} Nd4 {[%clk 0:09:09]} 26. Rd1 {[%clk
0:08:34]} Bh5 {[%clk 0:08:32]} 27. Rd2 {[%clk 0:07:17]} Rd8 {[%clk 0:08:39]}
28. Bxd4 {[%clk 0:06:17]} exd4 {[%clk 0:03:14]} 29. c5 {[%clk 0:06:26]} Nc8
{[%clk 0:02:33]} 30. Nf4 {[%clk 0:06:33]} Bg4 {[%clk 0:00:51]} 31. Bxf7 {[%clk
0:06:48]} g5 {[%clk 0:00:46]} 32. Ne2 {[%clk 0:05:39]} Rf8 {[%clk 0:00:49]} 33.
Bg6 {[%clk 0:05:41]} e3 {[%clk 0:00:46]} 34. fxe3 {[%clk 0:04:10]} dxe3 {[%clk
0:01:08]} 35. Rc2 {[%clk 0:04:35]} Rf1+ {[%clk 0:01:11]} 36. Kb2 {[%clk
0:05:00]} Rf2 {[%clk 0:01:28]} 37. Bd3 {[%clk 0:04:17]} Rxg2 {[%clk 0:01:43]}
38. Nd4 {[%clk 0:04:34]} Rd2 {[%clk 0:00:56]} 39. Kc3 {[%clk 0:04:19]} Ne7
{[%clk 0:00:43]} 40. Be4 {[%clk 0:03:04]} Rf2 {[%clk 0:00:37]} 41. Kd3 {[%clk
0:15:23]} Bd1 {[%clk 0:28:44]} 42. Rc4 {[%clk 0:07:03]} e2 {[%clk 0:26:34]} 43.
Kd2 {[%clk 0:07:30]} Rxh2 {[%clk 0:22:08]} 44. b5 {[%clk 0:06:36]} axb5 {[%clk
0:21:33]} 45. Nxb5 {[%clk 0:06:53]} g4 {[%clk 0:16:24]} 46. Rd4 {[%clk
0:06:24]} Nd5 {[%clk 0:14:04]} 47. Nd6+ {[%clk 0:01:45]} Kc7 {[%clk 0:13:23]}
48. Nf5 {[%clk 0:02:11]} Rf2 {[%clk 0:12:18]} 49. Bd3 {[%clk 0:01:56]} Rf1
{[%clk 0:08:11]} 50. Bxe2 {[%clk 0:02:24]} Bxe2 {[%clk 0:08:21]} 51. Ng3 {[%clk
0:02:48]} 0-1

[Event "Deutsche Ländermeisterschaft 2021"]
[Site "Neumünster GER"]
[Date "2021.10.02"]
[Round "2"]
[White "Knüdel, Torben"]
[Black "Nied, Pascal"]
[Result "1-0"]
[Termination "normal"]
[Board "2.3"]
[WhiteElo "2191"]
[BlackElo "1878"]
[WhiteClock "00:03:15"]
[BlackClock "00:01:03"]
[WhiteTeam "Niedersachsen"]
[BlackTeam "Baden"]
[PlyCount "63"]
[WhiteFideId "16208820"]
[BlackFideId "16260597"]
[EventCountry "GER"]
[EventRounds "7"]
[EventType "team-swiss"]
[EventDate "2021.10.01"]

1. e4 {[%clk 1:30:56]} e6 {[%clk 1:30:56]} 2. d4 {[%clk 1:31:20]} d5 {[%clk
1:31:23]} 3. Nc3 {[%clk 1:31:46]} Bb4 {[%clk 1:31:49]} 4. Nge2 {[%clk 1:32:14]}
Nc6 {[%clk 1:32:14]} 5. a3 {[%clk 1:32:21]} Ba5 {[%clk 1:32:39]} 6. Be3 {[%clk
1:22:02]} Nge7 {[%clk 1:33:01]} 7. e5 {[%clk 1:11:41]} O-O {[%clk 1:33:24]} 8.
Ng3 {[%clk 1:11:06]} f6 {[%clk 1:33:44]} 9. exf6 {[%clk 1:10:43]} Rxf6 {[%clk
1:34:11]} 10. Bd3 {[%clk 1:08:50]} Rf8 {[%clk 1:28:13]} 11. O-O {[%clk
0:59:20]} e5 {[%clk 1:27:31]} 12. dxe5 {[%clk 0:53:42]} d4 {[%clk 1:20:28]} 13.
Qh5 {[%clk 0:46:50]} g6 {[%clk 1:15:07]} 14. Qh6 {[%clk 0:45:10]} dxe3 {[%clk
1:05:07]} 15. Nh5 {[%clk 0:42:19]} Rf7 {[%clk 0:57:47]} 16. Bc4 {[%clk
0:32:47]} Qf8 {[%clk 0:56:50]} 17. Bxf7+ {[%clk 0:19:41]} Qxf7 {[%clk 0:57:13]}
18. fxe3 {[%clk 0:18:24]} Nf5 {[%clk 0:56:01]} 19. Qg5 {[%clk 0:17:45]} Bb6
{[%clk 0:47:11]} 20. Nd5 {[%clk 0:17:07]} h6 {[%clk 0:42:35]} 21. Nhf6+ {[%clk
0:16:32]} Kg7 {[%clk 0:42:08]} 22. Qf4 {[%clk 0:16:24]} Be6 {[%clk 0:16:04]}
23. Nxb6 {[%clk 0:16:44]} axb6 {[%clk 0:16:21]} 24. Rad1 {[%clk 0:13:08]} Ra5
{[%clk 0:15:39]} 25. e4 {[%clk 0:06:45]} Nfd4 {[%clk 0:13:36]} 26. Qe3 {[%clk
0:06:31]} Qe7 {[%clk 0:11:00]} 27. Rxd4 {[%clk 0:04:44]} Nxd4 {[%clk 0:10:40]}
28. Qxd4 {[%clk 0:05:12]} Qc5 {[%clk 0:09:38]} 29. Rd1 {[%clk 0:05:29]} Qxe5
{[%clk 0:01:12]} 30. Ne8+ {[%clk 0:04:36]} Kf8 {[%clk 0:01:21]} 31. Nxc7 {[%clk
0:02:56]} Qxc7 {[%clk 0:01:03]} 32. Qf6+ {[%clk 0:03:15]} 1-0

[Event "Deutsche Ländermeisterschaft 2021"]
[Site "Neumünster GER"]
[Date "2021.10.02"]
[Round "2"]
[White "Basovskiy, Jana"]
[Black "Payyappat, Sreyas"]
[Result "0-1"]
[Termination "normal"]
[Board "2.4"]
[WhiteElo "1915"]
[BlackElo "2244"]
[WhiteClock "00:00:33"]
[BlackClock "00:43:04"]
[WhiteTeam "Baden"]
[BlackTeam "Niedersachsen"]
[PlyCount "62"]
[WhiteFideId "16208617"]
[BlackFideId "46674969"]
[EventCountry "GER"]
[EventRounds "7"]
[EventType "team-swiss"]
[EventDate "2021.10.01"]

1. e4 {[%clk 1:30:58]} c6 {[%clk 1:30:54]} 2. d4 {[%clk 1:31:13]} d5 {[%clk
1:31:20]} 3. e5 {[%clk 1:31:07]} Bf5 {[%clk 1:31:45]} 4. h4 {[%clk 1:31:30]}
Qc7 {[%clk 1:32:12]} 5. g4 {[%clk 1:10:58]} Bd7 {[%clk 1:32:00]} 6. Bg2 {[%clk
1:05:41]} h5 {[%clk 1:28:45]} 7. g5 {[%clk 1:03:01]} g6 {[%clk 1:26:27]} 8. Nd2
{[%clk 0:59:47]} e6 {[%clk 1:24:58]} 9. Ne2 {[%clk 0:58:23]} Ne7 {[%clk
1:23:41]} 10. Nb3 {[%clk 0:56:14]} b6 {[%clk 1:19:07]} 11. Be3 {[%clk 0:52:29]}
Bc8 {[%clk 1:17:35]} 12. Ng3 {[%clk 0:44:21]} Ba6 {[%clk 1:10:16]} 13. f4
{[%clk 0:39:37]} Nd7 {[%clk 1:06:52]} 14. Nd2 {[%clk 0:30:52]} c5 {[%clk
1:03:14]} 15. c4 {[%clk 0:26:05]} cxd4 {[%clk 1:01:54]} 16. Bxd4 {[%clk
0:24:49]} Nc6 {[%clk 0:59:18]} 17. Bf2 {[%clk 0:17:58]} Nc5 {[%clk 0:57:34]}
18. Bxc5 {[%clk 0:16:45]} Bxc5 {[%clk 0:57:42]} 19. cxd5 {[%clk 0:14:56]} Nb4
{[%clk 0:53:01]} 20. Bf1 {[%clk 0:08:27]} Bxf1 {[%clk 0:51:31]} 21. Ndxf1
{[%clk 0:08:22]} Nxd5 {[%clk 0:50:37]} 22. Qa4+ {[%clk 0:06:52]} Kf8 {[%clk
0:48:47]} 23. a3 {[%clk 0:05:11]} b5 {[%clk 0:48:08]} 24. Qe4 {[%clk 0:04:37]}
b4 {[%clk 0:45:12]} 25. axb4 {[%clk 0:03:28]} Bxb4+ {[%clk 0:45:00]} 26. Kf2
{[%clk 0:02:41]} Bc5+ {[%clk 0:42:51]} 27. Kg2 {[%clk 0:01:49]} Rb8 {[%clk
0:43:01]} 28. Rb1 {[%clk 0:01:51]} Rb4 {[%clk 0:43:16]} 29. Qf3 {[%clk
0:00:51]} Qb7 {[%clk 0:42:23]} 30. Ne2 {[%clk 0:00:40]} Rb3 {[%clk 0:42:43]}
31. Qe4 {[%clk 0:00:33]} Nxf4+ {[%clk 0:43:04]} 0-1

[Event "Deutsche Ländermeisterschaft 2021"]
[Site "Neumünster GER"]
[Date "2021.10.02"]
[Round "2"]
[White "Nizamova, Rita"]
[Black "Uhlmann, Tim"]
[Result "1-0"]
[Termination "normal"]
[Board "2.5"]
[WhiteElo "1715"]
[BlackElo "1726"]
[WhiteClock "00:56:37"]
[BlackClock "00:43:10"]
[WhiteTeam "Niedersachsen"]
[BlackTeam "Baden"]
[PlyCount "105"]
[WhiteFideId "16221940"]
[BlackFideId "16239210"]
[EventCountry "GER"]
[EventRounds "7"]
[EventType "team-swiss"]
[EventDate "2021.10.01"]

1. e4 {[%clk 1:30:58]} e5 {[%clk 1:30:55]} 2. Nf3 {[%clk 1:31:23]} Nc6 {[%clk
1:31:21]} 3. Bc4 {[%clk 1:31:48]} Bc5 {[%clk 1:31:47]} 4. b4 {[%clk 1:32:10]}
Bb6 {[%clk 1:32:12]} 5. b5 {[%clk 1:32:04]} Na5 {[%clk 1:31:52]} 6. Nxe5 {[%clk
1:31:42]} Qf6 {[%clk 1:31:00]} 7. Bxf7+ {[%clk 1:30:56]} Kf8 {[%clk 1:30:38]}
8. d4 {[%clk 1:31:22]} d6 {[%clk 1:30:15]} 9. Bxg8 {[%clk 1:29:30]} dxe5 {[%clk
1:30:27]} 10. Bd5 {[%clk 1:28:40]} Bxd4 {[%clk 1:30:25]} 11. O-O {[%clk
1:27:31]} Bxa1 {[%clk 1:30:32]} 12. f4 {[%clk 1:26:06]} Bd4+ {[%clk 1:30:03]}
13. Kh1 {[%clk 1:26:35]} Ke8 {[%clk 1:28:43]} 14. c3 {[%clk 1:21:52]} Bc5
{[%clk 1:27:13]} 15. fxe5 {[%clk 1:16:51]} Qxe5 {[%clk 1:16:46]} 16. Qa4 {[%clk
1:09:55]} Bd6 {[%clk 1:12:22]} 17. Bf4 {[%clk 1:09:36]} Rf8 {[%clk 1:09:54]}
18. g3 {[%clk 1:09:19]} Qf6 {[%clk 1:07:24]} 19. Qxa5 {[%clk 1:07:22]} g5
{[%clk 1:06:10]} 20. e5 {[%clk 1:07:00]} Bxe5 {[%clk 1:06:19]} 21. Re1 {[%clk
1:06:13]} gxf4 {[%clk 1:06:20]} 22. Qxc7 {[%clk 1:06:37]} Be6 {[%clk 0:53:44]}
23. Rxe5 {[%clk 1:06:24]} Rf7 {[%clk 0:52:42]} 24. Qd6 {[%clk 1:06:12]} Re7
{[%clk 0:52:45]} 25. Bxe6 {[%clk 1:03:15]} fxg3 {[%clk 0:48:42]} 26. Bd7+
{[%clk 1:01:52]} Kf7 {[%clk 0:47:33]} 27. Rf5 {[%clk 1:01:30]} g2+ {[%clk
0:46:47]} 28. Kxg2 {[%clk 1:01:42]} Rg8+ {[%clk 0:47:12]} 29. Kf2 {[%clk
1:01:50]} Rg6 {[%clk 0:45:48]} 30. Qd5+ {[%clk 1:02:09]} Kf8 {[%clk 0:45:31]}
31. Rxf6+ {[%clk 1:02:22]} Rxf6+ {[%clk 0:45:53]} 32. Kg3 {[%clk 1:00:33]} Rg7+
{[%clk 0:43:44]} 33. Bg4 {[%clk 0:56:38]} Rfg6 {[%clk 0:43:58]} 34. h3 {[%clk
0:55:05]} Rg5 {[%clk 0:44:05]} 35. Qd6+ {[%clk 0:55:25]} Kf7 {[%clk 0:40:56]}
36. Qe6+ {[%clk 0:55:43]} Kf8 {[%clk 0:41:03]} 37. Qc8+ {[%clk 0:56:11]} Kf7
{[%clk 0:41:27]} 38. Qxb7+ {[%clk 0:56:31]} Kf6 {[%clk 0:41:13]} 39. Qa6+
{[%clk 0:56:54]} Kf7 {[%clk 0:40:46]} 40. Qxa7+ {[%clk 0:57:17]} Kf8 {[%clk
0:41:09]} 41. Qa8+ {[%clk 0:57:03]} Kf7 {[%clk 0:41:31]} 42. Qb7+ {[%clk
0:56:25]} Kf8 {[%clk 0:41:52]} 43. Qb8+ {[%clk 0:56:49]} Kf7 {[%clk 0:42:17]}
44. Qc7+ {[%clk 0:56:16]} Kf8 {[%clk 0:42:41]} 45. Qc8+ {[%clk 0:56:42]} Kf7
{[%clk 0:43:07]} 46. Nd2 {[%clk 0:57:01]} h5 {[%clk 0:42:20]} 47. Ne4 {[%clk
0:56:58]} Re5 {[%clk 0:42:01]} 48. Nd6+ {[%clk 0:55:13]} Ke7 {[%clk 0:41:48]}
49. Nf5+ {[%clk 0:55:25]} Rxf5 {[%clk 0:42:08]} 50. Qxf5 {[%clk 0:55:52]} hxg4
{[%clk 0:42:30]} 51. Qe5+ {[%clk 0:55:52]} Kf8 {[%clk 0:42:48]} 52. Qxg7+
{[%clk 0:56:12]} Kxg7 {[%clk 0:43:10]} 53. Kxg4 {[%clk 0:56:37]} 1-0

[Event "Deutsche Ländermeisterschaft 2021"]
[Site "Neumünster GER"]
[Date "2021.10.02"]
[Round "2"]
[White "Skembris, Simon Max"]
[Black "Sauer, Tim"]
[Result "0-1"]
[Termination "normal"]
[Board "2.6"]
[WhiteElo "1268"]
[BlackElo "1703"]
[WhiteClock "01:01:39"]
[BlackClock "00:31:36"]
[WhiteTeam "Baden"]
[BlackTeam "Niedersachsen"]
[PlyCount "148"]
[WhiteFideId "16281381"]
[BlackFideId "16265726"]
[EventCountry "GER"]
[EventRounds "7"]
[EventType "team-swiss"]
[EventDate "2021.10.01"]

1. e4 {[%clk 1:30:59]} c5 {[%clk 1:30:53]} 2. Nf3 {[%clk 1:31:24]} g6 {[%clk
1:31:16]} 3. d4 {[%clk 1:31:39]} cxd4 {[%clk 1:31:42]} 4. Nxd4 {[%clk 1:32:05]}
Bg7 {[%clk 1:32:07]} 5. c4 {[%clk 1:32:27]} Nc6 {[%clk 1:32:33]} 6. Nc2 {[%clk
1:32:51]} Nf6 {[%clk 1:32:45]} 7. Nc3 {[%clk 1:33:13]} O-O {[%clk 1:33:04]} 8.
Be2 {[%clk 1:33:04]} d6 {[%clk 1:33:24]} 9. O-O {[%clk 1:33:04]} Nd7 {[%clk
1:32:44]} 10. Bd2 {[%clk 1:32:47]} Nc5 {[%clk 1:32:12]} 11. Bf3 {[%clk
1:30:23]} Ne5 {[%clk 1:29:30]} 12. Qe2 {[%clk 1:28:37]} a5 {[%clk 1:23:49]} 13.
Rfd1 {[%clk 1:25:37]} f5 {[%clk 1:20:28]} 14. exf5 {[%clk 1:24:13]} Nxf3+
{[%clk 1:11:37]} 15. Qxf3 {[%clk 1:23:37]} Bxf5 {[%clk 1:11:49]} 16. Ne3 {[%clk
1:19:40]} Bc2 {[%clk 1:11:22]} 17. Qe2 {[%clk 1:19:17]} Bxd1 {[%clk 1:10:38]}
18. Rxd1 {[%clk 1:19:38]} e6 {[%clk 0:55:45]} 19. b3 {[%clk 1:16:31]} Qd7
{[%clk 0:36:16]} 20. Qg4 {[%clk 1:12:42]} Rf7 {[%clk 0:35:09]} 21. Be1 {[%clk
1:06:01]} Raf8 {[%clk 0:27:45]} 22. Ne4 {[%clk 1:03:52]} Nxe4 {[%clk 0:27:52]}
23. Qxe4 {[%clk 1:04:11]} Rf4 {[%clk 0:27:25]} 24. Qc2 {[%clk 1:03:01]} Bd4
{[%clk 0:24:33]} 25. Qd2 {[%clk 0:59:36]} Bc5 {[%clk 0:23:16]} 26. f3 {[%clk
0:57:53]} Rd4 {[%clk 0:20:05]} 27. Qxd4 {[%clk 0:57:40]} Bxd4 {[%clk 0:20:19]}
28. Rxd4 {[%clk 0:58:05]} Qg7 {[%clk 0:14:10]} 29. Bc3 {[%clk 0:55:19]} Qc7
{[%clk 0:10:07]} 30. Kf1 {[%clk 0:51:07]} d5 {[%clk 0:08:49]} 31. Ng4 {[%clk
0:50:02]} Rf4 {[%clk 0:07:04]} 32. Nh6+ {[%clk 0:48:34]} Kf8 {[%clk 0:07:04]}
33. Bxa5 {[%clk 0:47:48]} Qe5 {[%clk 0:04:37]} 34. Rd1 {[%clk 0:44:58]} Qh5
{[%clk 0:03:05]} 35. cxd5 {[%clk 0:44:04]} exd5 {[%clk 0:02:05]} 36. Bc7 {[%clk
0:42:39]} Qxh6 {[%clk 0:01:43]} 37. Bxf4 {[%clk 0:42:46]} Qxf4 {[%clk 0:02:04]}
38. Rxd5 {[%clk 0:42:54]} Qc1+ {[%clk 0:01:52]} 39. Ke2 {[%clk 0:43:13]} Qg1
{[%clk 0:02:13]} 40. Rg5 {[%clk 0:42:44]} Qxh2 {[%clk 0:01:32]} 41. Kf2 {[%clk
0:42:42]} Qh4+ {[%clk 0:01:38]} 42. Rg3 {[%clk 0:43:06]} Qd4+ {[%clk 0:02:04]}
43. Ke2 {[%clk 0:42:16]} Qb2+ {[%clk 0:02:09]} 44. Kd3 {[%clk 0:41:59]} Qxa2
{[%clk 0:02:07]} 45. Kc4 {[%clk 0:40:32]} Qa6+ {[%clk 0:02:23]} 46. Kc3 {[%clk
0:40:38]} Qa5+ {[%clk 0:02:49]} 47. Kd3 {[%clk 0:38:52]} Qd8+ {[%clk 0:03:10]}
48. Ke2 {[%clk 0:38:05]} Qb6 {[%clk 0:02:58]} 49. f4 {[%clk 0:38:10]} Qb5+
{[%clk 0:02:45]} 50. Kf2 {[%clk 0:37:42]} Qc5+ {[%clk 0:02:17]} 51. Re3 {[%clk
0:37:07]} b5 {[%clk 0:02:19]} 52. Ke2 {[%clk 0:35:39]} b4 {[%clk 0:01:53]} 53.
Kf2 {[%clk 0:35:04]} Kg7 {[%clk 0:02:09]} 54. Kf3 {[%clk 0:32:34]} Qd5+ {[%clk
0:02:21]} 55. Kf2 {[%clk 0:32:23]} Qd4 {[%clk 0:02:38]} 56. Kf3 {[%clk
0:32:32]} Kf6 {[%clk 0:02:51]} 57. g3 {[%clk 0:30:49]} Kf5 {[%clk 0:01:17]} 58.
g4+ {[%clk 0:30:24]} Kf6 {[%clk 0:01:43]} 59. Re1 {[%clk 0:30:02]} Qd5+ {[%clk
0:01:58]} 60. Kf2 {[%clk 0:30:00]} Qxb3 {[%clk 0:02:20]} 61. Re3 {[%clk
0:29:43]} Qb2+ {[%clk 0:02:33]} 62. Kf3 {[%clk 0:30:04]} b3 {[%clk 0:02:53]}
63. g5+ {[%clk 0:29:38]} Kf5 {[%clk 0:01:35]} 64. Kg3 {[%clk 0:29:53]} Qd4
{[%clk 0:00:50]} 65. Rxb3 {[%clk 0:30:15]} Qxf4+ {[%clk 0:01:10]} 66. Kh3
{[%clk 0:30:33]} Kxg5 {[%clk 0:01:26]} 67. Rb2 {[%clk 0:30:31]} Qf5+ {[%clk
0:00:55]} 68. Kg2 {[%clk 0:30:36]} Qe4+ {[%clk 0:00:56]} 69. Kh3 {[%clk
0:30:36]} h5 {[%clk 0:30:17]} 70. Rb5+ {[%clk 1:00:25]} Qf5+ {[%clk 0:30:35]}
71. Rxf5+ {[%clk 1:00:49]} gxf5 {[%clk 0:30:25]} 72. Kg2 {[%clk 1:00:59]} Kg4
{[%clk 0:30:51]} 73. Kh1 {[%clk 1:01:23]} Kf3 {[%clk 0:31:10]} 74. Kg1 {[%clk
1:01:39]} Ke2 {[%clk 0:31:36]} 0-1

[Event "Deutsche Ländermeisterschaft 2021"]
[Site "Neumünster GER"]
[Date "2021.10.02"]
[Round "2"]
[White "Zöllner, Bente"]
[Black "Henninger, Claire"]
[Result "1/2-1/2"]
[Termination "normal"]
[Board "2.7"]
[WhiteElo "1596"]
[BlackElo "1476"]
[WhiteClock "00:03:14"]
[BlackClock "00:01:28"]
[WhiteTeam "Niedersachsen"]
[BlackTeam "Baden"]
[PlyCount "79"]
[WhiteFideId "16230523"]
[BlackFideId "16200659"]
[EventCountry "GER"]
[EventRounds "7"]
[EventType "team-swiss"]
[EventDate "2021.10.01"]

1. d4 {[%clk 1:30:57]} d5 {[%clk 1:30:56]} 2. Nf3 {[%clk 1:31:21]} e6 {[%clk
1:31:13]} 3. c4 {[%clk 1:31:38]} Nf6 {[%clk 1:30:52]} 4. Nc3 {[%clk 1:31:13]}
dxc4 {[%clk 1:30:52]} 5. e4 {[%clk 1:29:59]} Bb4 {[%clk 1:29:19]} 6. Qa4+
{[%clk 1:29:04]} Nc6 {[%clk 1:28:34]} 7. Bg5 {[%clk 1:28:25]} h6 {[%clk
1:20:00]} 8. Bxf6 {[%clk 1:24:05]} Qxf6 {[%clk 1:11:21]} 9. Bxc4 {[%clk
1:16:51]} Bd7 {[%clk 1:06:41]} 10. Bb5 {[%clk 1:13:29]} O-O {[%clk 0:55:03]}
11. O-O {[%clk 1:09:23]} Bxc3 {[%clk 0:46:45]} 12. bxc3 {[%clk 1:07:33]} a6
{[%clk 0:45:52]} 13. Be2 {[%clk 1:03:24]} b5 {[%clk 0:42:02]} 14. Qc2 {[%clk
1:01:28]} Rac8 {[%clk 0:36:33]} 15. a4 {[%clk 0:58:45]} Nb8 {[%clk 0:30:44]}
16. Ne5 {[%clk 0:55:19]} c5 {[%clk 0:24:31]} 17. Nxd7 {[%clk 0:52:27]} Nxd7
{[%clk 0:24:02]} 18. axb5 {[%clk 0:49:33]} cxd4 {[%clk 0:21:41]} 19. bxa6
{[%clk 0:47:52]} Rxc3 {[%clk 0:20:03]} 20. Qd2 {[%clk 0:46:10]} Nb6 {[%clk
0:17:24]} 21. Rfb1 {[%clk 0:44:44]} Na8 {[%clk 0:15:40]} 22. a7 {[%clk
0:42:54]} Qe5 {[%clk 0:12:53]} 23. Rb5 {[%clk 0:39:27]} Rc5 {[%clk 0:10:30]}
24. f4 {[%clk 0:36:11]} Qd6 {[%clk 0:09:32]} 25. e5 {[%clk 0:31:18]} Qc7 {[%clk
0:07:33]} 26. Qxd4 {[%clk 0:23:30]} Rxb5 {[%clk 0:07:36]} 27. Bxb5 {[%clk
0:23:07]} Rd8 {[%clk 0:06:53]} 28. Qc4 {[%clk 0:19:51]} Qb6+ {[%clk 0:06:37]}
29. Kh1 {[%clk 0:16:21]} Nc7 {[%clk 0:04:28]} 30. h3 {[%clk 0:10:54]} Qb7
{[%clk 0:02:52]} 31. Bc6 {[%clk 0:08:51]} Qb2 {[%clk 0:00:55]} 32. a8=Q {[%clk
0:08:15]} Rxa8 {[%clk 0:01:00]} 33. Rxa8+ {[%clk 0:08:38]} Nxa8 {[%clk
0:01:18]} 34. Bxa8 {[%clk 0:08:57]} Qa1+ {[%clk 0:01:32]} 35. Kh2 {[%clk
0:08:50]} Qxa8 {[%clk 0:01:55]} 36. Qb4 {[%clk 0:07:31]} Qd8 {[%clk 0:01:30]}
37. Qb5 {[%clk 0:06:11]} Qc7 {[%clk 0:01:25]} 38. Qe8+ {[%clk 0:04:07]} Kh7
{[%clk 0:01:46]} 39. h4 {[%clk 0:04:13]} h5 {[%clk 0:01:28]} 40. Qa4 {[%clk
0:03:14]} 1/2-1/2